| 000 | 00758nam a22002537a 4500 | ||
|---|---|---|---|
| 001 | 6763 | ||
| 003 | FISKH | ||
| 005 | 20250526161622.0 | ||
| 008 | 250526b cb ||||| |||| 00| 0 eng d | ||
| 040 |
_aFISKH _beng _cFISKH _dFISKH |
||
| 050 | _aPZ7.I564 H | ||
| 082 | _a823.914 | ||
| 100 | _aInkpen, Mick | ||
| 245 |
_aHonk! _cMick Inkpen |
||
| 260 |
_aSan Diego : _bRed Wagon Book, _c1998 |
||
| 300 |
_a24 unnumbered pages pages : _bcolor illustrations ; _c19 cm |
||
| 505 | _aE | ||
| 520 | _aKipper the dog makes friends with a honking goose which responds to him in the only way it knows how. | ||
| 521 | 8 |
_a160
_bLexile estimate |
|
| 521 | 8 |
_aE
_bRaz-Plus |
|
| 650 |
_aAnimal _vDogs _xNoises |
||
| 942 |
_2ddc _cBK _n0 |
||
| 999 |
_c6763 _d6763 |
||